study on land marketing in sangkat steung meanchey khan meanchey phnom penh ការសិក្សាអំពីទីផ្សារនៅសង្កាត់ស្ទឹងមានជ័យខណ្ឌមានជ័យ រាជធានីភ្នំពេញ (Record no. 18133)

000 -LEADER
fixed length control field 00649nam a22001577a 4500
003 - CONTROL NUMBER IDENTIFIER
control field OSt
005 - DATE AND TIME OF LATEST TRANSACTION
control field 20190806150027.0
008 - FIXED-LENGTH DATA ELEMENTS--GENERAL INFORMATION
fixed length control field 190806b xxu||||| |||| 00| 0 eng d
040 ## - CATALOGING SOURCE
Transcribing agency RUA
082 ## - DEWEY DECIMAL CLASSIFICATION NUMBER
Classification number LMA LAY 2017 B640 Or.1
100 ## - MAIN ENTRY--PERSONAL NAME
9 (RLIN) 13805
Personal name LAY SOPHAL ឡៃ សុផល
245 ## - TITLE STATEMENT
Title study on land marketing in sangkat steung meanchey khan meanchey phnom penh ការសិក្សាអំពីទីផ្សារនៅសង្កាត់ស្ទឹងមានជ័យខណ្ឌមានជ័យ រាជធានីភ្នំពេញ
260 ## - PUBLICATION, DISTRIBUTION, ETC. (IMPRINT)
Place of publication, distribution, etc. RUA
Name of publisher, distributor, etc. Phnom penh
Date of publication, distribution, etc. 2017
300 ## - PHYSICAL DESCRIPTION
Extent x;39p
Other physical details ill;
Dimensions 29cm
942 ## - ADDED ENTRY ELEMENTS (KOHA)
Source of classification or shelving scheme
Koha item type LMA
Holdings
Price effective from Date last seen Permanent Location Not for loan Date acquired Source of classification or shelving scheme Koha item type Lost status Withdrawn status Date last checked out Total Checkouts Shelving location Damaged status Barcode Current Location Full call number
2019-08-062019-08-06Library Block B 2019-08-06 LMA    B640 A44679Library Block BLMA LAY 2017 B640 Or.1
2019-08-062019-08-06Library Block B 2019-08-06 LMA    B640 A44989Library Block BLMA LAY 2017 B640 Or.2
2019-08-062023-07-28Library Block B 2019-08-06 LMA  2023-06-266B640 A45064Library Block BLMA LAY 2017 B640 Or.3
2019-08-062019-08-06Library Block B 2019-08-06 LMA    B640 A44919Library Block BLMA LAY 2017 B640 Or.4
2019-08-062023-03-29Library Block B 2019-08-06 LMA  2023-03-172B640 A44914Library Block BLMA LAY 2017 B640 Or.5
2019-08-062019-08-06Library Block B 2019-08-06 LMA    B640 A44694Library Block BLMA LAY 2017 B640 Or.6
មជ្ឈមណ្ឌលឯការនៃសាកលវិទ្យាល័យភូមិន្ទកសិកម្មចំការដូង

Powered by Koha